000 00653nam a2200241Ia 4500
003 OSt
005 20220918193202.0
006 a|||||r|||| 00| 0
007 ta
008 220917b |||||||| |||| 00| 0 eng d
024 _a72,176
037 _cTextual
040 _aARTS
_cARTS
_beng
041 _2eng
_aeng
082 _aR4,(Q6), M7
100 _aEckardt A Ray
_981176
245 0 _aFor righteousness' sake
_b contemporary moral philosophies
260 _aBloomington
_bIndiana Univ Press
_c1987
300 _axi,365p.
_ccm.
650 _aETHICS
942 _hR4,(Q6), M7
_cTEXL
_2CC
999 _c198180
_d198180